00558cam a22002053a 45000010005000000030006000050050017000110080041000280400015000690420007000840500007000911000047000982450048001452600029001935060030002225160020002526530011002728300028002838560041003111567PGUSA20140828083003.0981201s1998||||xxu|||||s|||||000 p eng d aPGUSAbeng adc 4aPS1 aEliot, T. S.q(Thomas Stearns),d1888-196510aPoemsh[electronic resource] /cT. S. Eliot bProject Gutenberg,c1998 aPublic domain in the USA. aElectronic text aPoetry 0aProject Gutenbergv156740uhttp://www.gutenberg.org/ebooks/1567